000 00497nam a2200169Ia 4500
003 GCL
008 140319s9999 xx 000 0 ara d
040 _aGCL /
_cGCL
082 0 4 _a810.9
_bا ط
245 1 0 _aطه حسين : حياته وفكره فى ضوء الاسلام
300 _a254 ص
490 _aكتاب
_v0
650 0 4 _aطه حسين
650 0 4 _aالادب العربى - العصر الحديث
650 0 4 _aالادباء العرب - تاريخ ونقد
942 _2ddc
_cBK
999 _c42990
_d42990